[Event "Let's Play Chess!"]
[Site "http://www.queenalice.com/game.php?id=401861"]
[Date "2008.5.12"]
[Round "-"]
[White "lucianovdemelo"]
[Black "Safadox"]
[Result "1-0"]
[WhiteElo "1445"]
[BlackElo "1620"]

1. d4 Nf6 2. c4 g6 3. Nf3 d5 4. Nc3 Bg7 5. Bg5 Ne4 6. Qc2 Bf5 7. e3 Nxg5 8. Qe2
Nxf3+ 9. Qxf3 c6 10. Be2 O-O 11. O-O a6 12. Bd3 Bxd3 13. Rfd1 Be4 14. Nxe4 dxe4
15. Qxe4 Nd7 16. c5 Nf6 17. g3 Qd5 18. Qxd5 Nxd5 19. e4 Nb4 20. b3 Nc2 21. Rac1
Nxd4 22. Rc4 Nf3+ 23. Kg2 Ne5 24. f4 Nxc4 25. bxc4 Rfd8 26. Rxd8+ Rxd8 27. h4
Rd2+ 28. Kh3 Rxa2 29. Kg4 Rc2 30. e5 1-0

[Event "Let's Play Chess!"]
[Site "http://www.queenalice.com/game.php?id=401883"]
[Date "2008.5.12"]
[Round "-"]
[White "lucianovdemelo"]
[Black "Safadox"]
[Result "0-1"]
[WhiteElo "1481"]
[BlackElo "1778"]

1. d4 d5 2. c4 e6 3. Nc3 Nf6 4. Nf3 c6 5. Bg5 Nbd7 6. e3 Qa5 7. Bd3 Ne4 8. Bxe4
dxe4 9. Ne5 Nxe5 10. dxe5 Bb4 11. Qc2 Bxc3+ 12. Qxc3 Qxc3+ 13. bxc3 O-O 14. O-O
b6 15. Bf4 Ba6 16. Kh1 Bxc4 17. a4 Bd3 18. Rfd1 Rfd8 19. Ra3 Rd5 20. g3 Rad8 21.
Kg2 Be2 22. Rxd5 Bf3+ 23. Kf1 Rxd5 24. c4 Rd1# 0-1

[Event "Let's Play Chess!"]
[Site "http://www.queenalice.com/game.php?id=401884"]
[Date "2008.5.12"]
[Round "-"]
[White "Safadox"]
[Black "lucianovdemelo"]
[Result "1-0"]
[WhiteElo "1872"]
[BlackElo "1485"]

1. e4 e5 2. Nf3 Nc6 3. Bc4 Nf6 4. b4 Bxb4 5. c3 Bc5 6. d4 exd4 7. cxd4 Bb4+ 8.
Bd2 Bxd2+ 9. Nbxd2 Nxe4 10. Nxe4 O-O 11. Bb3 d5 12. Nc3 Bg4 13. O-O Qf6 14. Nxd5
Qf5 15. Ne3 Qf6 16. Nxg4 Qg6 17. Nfe5 Nxe5 18. Nxe5 Qf5 19. Rc1 Rae8 20. Re1 Kh8
21. Rc5 c6 22. Nxf7+ Rxf7 23. Rxf5 Rxf5 24. Rxe8+ Rf8 25. Rxf8# 1-0

[Event "vamos lá "]
[Site "http://www.queenalice.com/game.php?id=401886"]
[Date "2008.5.12"]
[Round "-"]
[White "Safadox"]
[Black "CJ"]
[Result "1-0"]
[WhiteElo "1866"]
[BlackElo "1478"]

1. f4 Nf6 2. e3 e6 3. Nf3 g6 4. Be2 Bg7 5. O-O O-O 6. d4 d5 7. Ne5 Ne4 8. Nd2 b6
9. Bf3 Bb7 10. c4 Nxd2 11. Bxd2 c5 12. cxd5 Bxd5 13. Bxd5 Qxd5 14. Bc3 Nc6 15.
a3 Nxe5 16. fxe5 Rad8 17. Qf3 Qxf3 18. gxf3 f6 19. f4 cxd4 20. Bb4 Rfe8 21. exd4
Rxd4 22. Bc3 Rd5 23. exf6 Bxf6 24. Bxf6 Kf7 25. Be5 Ke7 26. Rac1 Rc5 27. Rfd1
Rxc1 28. Rxc1 Rd8 29. Rc7+ Rd7 30. Bf6+ Kd6 31. Rxd7+ Kxd7 32. Kf2 Ke8 33. Ke3
Kf7 34. Bg5 Kg7 35. Ke4 h6 36. Bh4 h5 37. Ke5 1-0

[Event "Let's Play Chess!"]
[Site "http://www.queenalice.com/game.php?id=402098"]
[Date "2008.5.13"]
[Round "-"]
[White "trallala"]
[Black "Safadox"]
[Result "1-0"]
[WhiteElo "1924"]
[BlackElo "1550"]

1. e4 c5 2. c3 d6 3. d4 cxd4 4. cxd4 e6 5. Nf3 Nf6 6. Bd3 Be7 7. O-O O-O 8. Nc3
Nc6 9. a3 a6 10. Bg5 Nh5 11. Be3 Nf6 12. Rc1 b5 13. e5 Ng4 14. Nxb5 1-0

[Event "Let's Play Chess!"]
[Site "http://www.queenalice.com/game.php?id=402104"]
[Date "2008.5.13"]
[Round "-"]
[White "Safadox"]
[Black "trallala"]
[Result "0-1"]
[WhiteElo "1552"]
[BlackElo "1922"]

1. d4 Nf6 2. c4 g6 3. Nc3 d5 4. cxd5 Nxd5 5. e4 Nxc3 6. bxc3 Bg7 7. Bc4 c5 8.
Nf3 O-O 9. O-O Bg4 10. Be3 Bxf3 11. Qxf3 cxd4 12. cxd4 Bxd4 13. Bxd4 Qxd4 14.
Rac1 Nc6 15. Rfd1 Qb6 0-1

[Event "Let's Play Chess!"]
[Site "http://www.queenalice.com/game.php?id=402105"]
[Date "2008.5.13"]
[Round "-"]
[White "Safadox"]
[Black "trallala"]
[Result "0-1"]
[WhiteElo "1572"]
[BlackElo "1844"]

1. e4 c5 2. Nf3 d6 3. d4 cxd4 4. Nxd4 Nf6 5. Nc3 a6 6. Bc4 e6 7. Bg5 Be7 8. Qd3
Nbd7 9. O-O-O b5 10. Bb3 Bb7 11. f4 b4 12. Bxf6 Nxf6 13. Ba4+ Kf8 14. Bc6 bxc3
15. Bxb7 Qb6 0-1

[Event "Challenge"]
[Site "http://www.queenalice.com/game.php?id=402109"]
[Date "2008.5.13"]
[Round "-"]
[White "Safadox"]
[Black "paddymalonespub"]
[Result "1-0"]
[WhiteElo "1500"]
[BlackElo "1725"]

1. e4 e5 2. Nf3 d6 3. Bc4 Nf6 4. d3 Nc6 5. Bg5 Be7 6. O-O Bg4 7. Bxf6 Bxf6 8. c3
O-O 9. Nbd2 Na5 10. Bb3 c6 11. Bc2 d5 12. b4 dxe4 13. Nxe4 Nc4 14. dxc4 Qxd1 15.
Nxf6+ gxf6 16. Raxd1 Bxf3 17. gxf3 b6 18. Kh1 Kh8 19. Rg1 a5 20. Rg4 axb4 21.
cxb4 Rxa2 22. Be4 c5 23. bxc5 bxc5 24. Kg2 h5 25. Rh4 Rg8+ 26. Kf1 Rg5 27. Rh3
f5 28. Bd5 f6 29. Rg3 f4 30. Rxg5 fxg5 31. Re1 Ra3 32. Kg2 1-0

[Event "Let's Play Chess!"]
[Site "http://www.queenalice.com/game.php?id=402247"]
[Date "2008.5.13"]
[Round "-"]
[White "Aldino"]
[Black "Safadox"]
[Result "0-1"]
[WhiteElo "1572"]
[BlackElo "1813"]

1. e4 c5 2. c4 d6 3. Nc3 Nc6 4. Nf3 e6 5. d3 Be7 6. Be2 Nf6 7. O-O O-O 8. a3 Nd4
9. Nxd4 cxd4 10. Nb1 a6 11. Nd2 Bd7 12. Nf3 e5 13. Nh4 Rc8 14. f4 b5 15. b3 bxc4
16. bxc4 Nxe4 17. dxe4 Bxh4 18. g3 Qb6 19. Kh1 Bf6 20. Bd2 exf4 21. Bxf4 d3 22.
Rb1 dxe2 23. Qxe2 Qc5 24. Rfc1 Rfe8 25. Be3 Rxe4 26. Bxc5 Rxe2 27. Bxd6 Bd4 28.
Rg1 Bc6+ 0-1